Les plus petites frontières internationales - Statistiques

Statistiques générales
  • Ce quiz a été pris 1 317 fois
    1 164 depuis la dernière actualisation
  • Le résultat moyen est 16 sur 32
Statistiques - réponses
Pays % Correct
Vatican
90%
Monaco
88%
Andorre
86%
Saint-Marin
82%
France
79%
Luxembourg
78%
Liechtenstein
77%
Espagne
70%
Italie
69%
Suisse
66%
Russie
59%
Autriche
56%
Pays-Bas
55%
Allemagne
53%
Maroc
53%
Royaume-Uni
48%
Danemark
44%
Danemark
44%
Qatar
41%
Corée du Nord
40%
Canada
35%
Arabie saoudite
33%
Zambie
33%
Turquie
32%
Botswana
31%
Armenie
28%
Azerbaidjan
28%
Djibouti
27%
Iran
25%
Croatie
20%
Somalie
20%
Montenegro
18%
Aucun quiz correspondant
Distribution des résultats
% des personnes avec chaque résultat
Percentile par nombre de réponses
Votre historique - résultats
Vous n’avez pas pris ce quiz depuis la dernière actualisation